000 00577nam a22002051a 4500
001 3143
003 OSt
005 20260204211839.0
008 040621s1985||||dr ||||||b||||||||||spa||
050 _aRD 305.5 C818p
082 _aRD 305.5 C818p
100 _aCorten, Andre
245 _aProletariado y procesos de proletarización en República Dominicana / Andre Corten
264 _aSanto Domingo : Alfa y Omega
300 _a153 p.
500 _aIncluye indice
650 _a1.Proletariado - República Dominicana
700 _aBlanche Tahon, MarieÌ
942 _2ddc
_cBK
999 _c3143
_d3143